The festive state : race, ethnicity, and nationalism as cultural performance = El estado festivo : raza, etnicidad y nacionalismo como representación cultural /
Spremljeno u:
| Glavni autor: | |
|---|---|
| Format: | Nepoznato |
| Jezik: | English |
| Izdano: |
Berkeley, California :
University of California Press,
2000.
|
| Teme: | |
| Oznake: |
Dodaj oznaku
Bez oznaka, Budi prvi tko označuje ovaj zapis!
|
MARC
| LEADER | 000000000a22000000004500 | ||
|---|---|---|---|
| 001 | 014297 | ||
| 020 | |a 0520223314 | ||
| 041 | 0 | |a eng | |
| 082 | 0 | 4 | |a 306.098 |b G982f |
| 100 | 1 | |a Guss, David M. | |
| 245 | 1 | 4 | |a The festive state : |b race, ethnicity, and nationalism as cultural performance = El estado festivo : raza, etnicidad y nacionalismo como representación cultural / |c David M. Guss. |
| 246 | 3 | 1 | |a El estado festivo : raza, etnicidad y nacionalismo como representación cultural |
| 260 | 1 | |a Berkeley, California : |b University of California Press, |c 2000. | |
| 300 | |a 239 páginas : |b ilustraciones ; |c 24 cm. | ||
| 650 | 4 | |a VENEZUELA | |
| 650 | 4 | |a CULTURA POPULAR | |
| 650 | 4 | |a FESTIVALES | |
| 650 | 4 | |a FOLKLOR | |
| 650 | 4 | |a REPRESENTACION | |
| 500 | |a Colección George Yúdice | ||
| 999 | |c 20191 |d 20191 | ||
| 942 | |c BK |h 306.098 G982f |2 z | ||



